000 00722nam 22002293 4500
001 200547
090 _a200547
100 _a20260212d u||y0pory50 ba
101 _apor
102 _aPT
200 _aA Adesão Portuguesa à CEE
_eManual Prático
_fEduardo J. Costa Reizinho
205 _a
210 _aMem Martins
_cPublicações Europa-América
_d[D.L. 1986]
215 _a396 p.
_cBrochado
_d18 cm
225 _aSaber
_v184
606 _912238
_aCiências Sociais
_xEconomia Mundial
610 _aCooperação Económica Internacional, UE
675 _a339.92/REI/ADE
_vPT
_zpor
700 _916356
_aReizinho
_bEduardo J. Costa
801 _aPT
_bBMMN
_gRPC
830 _cCarlos Pinto
_d12-02-2026
_fCarlos Pinto
990 _cLIVROS